000 01070nam a2200325 i 4500
001 000000386
003 DO-SdBNP
005 20250805075822.0
007 ta
008 081112s2006 dr ac r 001 0 spa d
020 _a9789945140217
020 _a9945140213
040 _aDO-SdBNP
_bspa
_cBNPHU
_erda
041 _aspa
082 4 _a923.17293
_bB171me
_222
245 1 0 _aMemorias de su centenario /
_cJoaquín Balaguer.
264 1 _aSanto Domingo :
_bEdiciones IFP,
_c2006.
300 _a335 páginas :
_bilustraciones, retratos;
_c23 cm.
336 _atexto
_btxt
_2rdacontent
337 _asin mediación
_bn
_2rdamedia
338 _avolumen
_bnc
_2rdacarrier
500 _aIncluye datos biográficos del autor en las solapas
500 _aIncluye índice general
600 1 0 _a Balaguer, Joaquín,
_d1906-2002
_976556
650 4 _aPresidentes
_zRepública Dominicana
_vBiografías
_91288
651 4 _aRepública Dominicana
_vBiografías
_91083
710 2 _aFundación Joaquín Balaguer
_9436
910 _aValidado. Control de calidad MFF
942 _2ddc
_cLBS1
999 _c385
_d385